<?xml version="1.0" encoding="UTF-8"?>
<marc:record xmlns:marc="http://www.loc.gov/MARC21/slim">
   <marc:leader>00000nam a2200000 a 4500</marc:leader>
   <marc:datafield ind1="1" ind2=" " tag="100">
      <marc:subfield code="a">Seume, Dagmar</marc:subfield>
      <marc:subfield code="4">drt</marc:subfield>
      <marc:subfield code="e">Regisseur/-in</marc:subfield>
   </marc:datafield>
   <marc:datafield ind1="0" ind2="0" tag="245">
      <marc:subfield code="a">Wendy - Der Film</marc:subfield>
   </marc:datafield>
   <marc:datafield ind1=" " ind2="1" tag="264">
      <marc:subfield code="c">2017</marc:subfield>
   </marc:datafield>
   <marc:datafield ind1="1" ind2=" " tag="490">
      <marc:subfield code="a">Wendy</marc:subfield>
   </marc:datafield>
   <marc:datafield ind1="1" ind2=" " tag="520">
      <marc:subfield code="a">Die zwölfjährige Wendy (Jule Hermann) ist gar nicht begeistert. Sie soll mit ihren Eltern Gunnar (Benjamin Sadler) und Heike (Jasmin Gerat) die kompletten Sommerferien auf Rosenborg verbringen. Der runtergekommene Reiterhof, den Wendys Oma Herta (Maren Kroymann) nach dem Tod ihres Mannes allein betreibt, steht in direkter Konkurrenz zum modernen Reitstall St. Georg. Dieser gehört der geschäftstüchtigen Ulrike (Nadeshda Brennicke), deren Tochter Vanessa (Henriette Morawe) erst bei Turnieren gewinnen kann, seit Wendy mit dem Reiten aufgehört hat. Denn Wendy ist seit einem Reitunfall nie wieder auf ein Pferd gestiegen. Doch kaum am Ferienort angekommen, läuft ihr das verwundete Pferd Dixie über den Weg. &#xD;
&#xD;
Quelle: Verlagsinformation</marc:subfield>
   </marc:datafield>
   <marc:datafield ind1=" " ind2=" " tag="041">
      <marc:subfield code="a">ger</marc:subfield>
   </marc:datafield>
   <marc:datafield ind1=" " ind2=" " tag="338">
      <marc:subfield code="a">Videodisk</marc:subfield>
   </marc:datafield>
</marc:record>
